Systems od land tenure in various countries (Record no. 165935)

MARC details
000 -LEADER
campo de control de longitud fija 00780nam a22002055i 4500
001 - NÚMERO DE CONTROL
campo de control 165935
003 - IDENTIFICADOR DE NÚMERO DE CONTROL
campo de control ES-MaACL
005 - FECHA Y HORA DE LA ÚLTIMA TRANSACCIÓN
campo de control 20230906213231.0
008 - DATOS DE LONGITUD FIJA--INFORMACIÓN GENERAL
campo de control de longitud fija 050913s1881 xxk | |||||||| ||eng d
040 ## - FUENTE DE CATALOGACIÓN
Centro catalogador/agencia de origen CAM
Lengua de catalogación spa
Centro/agencia transcriptor CAM
245 00 - MENCIÓN DEL TÍTULO
Título Systems od land tenure in various countries
Resto del título : a series of essays published under the sanction of the Cobden Club /
Mención de responsabilidad, etc. edited by J.W. Probyn.
250 ## - MENCION DE EDICION
Mención de edición New ed. rev. and corr.
260 ## - PUBLICACIÓN, DISTRIBUCIÓN, ETC.
Lugar de publicación, distribución, etc. London; Paris & New York :
Nombre del editor, distribuidor, etc. Cassell, Petter, Galpin & Co.,
Fecha de publicación, distribución, etc. [s.a.]
300 ## - DESCRIPCIÓN FÍSICA
Extensión VI, 534 p. ;
Dimensiones 19 cm.
596 ## - NOTA AL PIE DE IMPRENTA
NOTA AL PIE DE IMPRENTA Preliminares fechados en 1881.
650 #4 - PUNTO DE ACCESO ADICIONAL DE MATERIA--TÉRMINO DE MATERIA
Término de materia o nombre geográfico como elemento de entrada Tierra-
Subdivisión general Propiedad (Derecho)
9 (RLIN) 136929
700 1# - ENTRADA AGREGADA--NOMBRE PERSONAL
Nombre de persona Probyn, J.W.
9 (RLIN) 131381
710 2# - ENTRADA AGREGADA--NOMBRE DE ENTIDAD CORPORATIVA
Nombre de entidad corporativa o nombre de jurisdicción como elemento de entrada Cobden Club (London, England)
9 (RLIN) 2870
852 ## - LOCALIZACIÓN
Ubicación ES-MaACL
Número de control de estantería C-3879
Nota libre -- Enc. tela con hierros
Holdings
Estatus retirado Estado de pérdida Estado de daño No para préstamo Biblioteca de origen Biblioteca actual Ubicación en estantería Fecha de adquisición Fuente de adquisición Total de préstamos Signatura topográfica completa Código de barras Visto por última vez Precio de reemplazo Tipo de ítem Koha
        Biblioteca del Ateneo de Madrid Biblioteca del Ateneo de Madrid Sala Palomar 17/01/2008     C-3879 1174020 23/02/2023 23/02/2023 Libro impreso